000 00510nam a2200145Ia 4500
008 100204s9999 xx 000 0 und d
082 _b18619
100 _aमिस्त्री निर्मला सी.
245 _aभरतकाम डिझाइन्स
260 _b"गाला पब्लिशर्स, मुंबई"
300 _a136
630 _aभरतकाम डिझाइन्स
730 _aभरतकाम डिझाइन्स
942 _cBOOK
999 _c463042
_d463039